Digitální generace proč si nerozumíme?

Informačné a komunikačné správanie sa nastupujúcej generácie. Kategórie generácií, ich klasifikácia a odlišnosti.

Guardado en:
Detalles Bibliográficos
Autor principal: Plátej, Jiří
Formato: Capítulo de libro
Lenguaje:checo
Materias:
Etiquetas: Agregar Etiqueta
Sin Etiquetas, Sea el primero en etiquetar este registro!

MARC

LEADER 00000naa a2200000 4500
001 0157777
005 20231019115843.5
041 0 |a cze 
044 |a CZ 
245 1 0 |a Digitální generace  |b proč si nerozumíme?  |c Jiří Plátej 
520 |a Informačné a komunikačné správanie sa nastupujúcej generácie. Kategórie generácií, ich klasifikácia a odlišnosti. 
610 2 0 |a technológie informačné 
610 2 0 |a technológie komunikačné 
610 2 0 |a generácie 
610 2 0 |a história 
100 1 |a Plátej, Jiří